Sekvenčný test pre opraviteľné systémy v závislosti na čase

Sekvenčný test v závislosti na čase, pričom kritériom pokračovania, prejdenia resp. padnutia testu bolo prekročenie maximálneho povoleného počtu nezhodných produktov za jednotku času s dopredu daným rizikom odberateľa. Metodika sekvenčného testu. Poissonovo rozdelenie.

Enregistré dans:
Détails bibliographiques
Auteur principal: Viktorínová, Božena
Format: Chapitre de livre
Langue:slovaque
Sujets:
Tags: Ajouter un tag
Pas de tags, Soyez le premier à ajouter un tag!

MARC

LEADER 00000naa$a2200000$$$4500
001 0088540
005 20220715093917.9
041 0 |a slo 
044 |a SK 
245 1 0 |a Sekvenčný test pre opraviteľné systémy v závislosti na čase  |c Božena Viktorínová 
520 |a Sekvenčný test v závislosti na čase, pričom kritériom pokračovania, prejdenia resp. padnutia testu bolo prekročenie maximálneho povoleného počtu nezhodných produktov za jednotku času s dopredu daným rizikom odberateľa. Metodika sekvenčného testu. Poissonovo rozdelenie. 
610 2 0 |a kvalita výrobkov 
610 2 0 |a testy 
610 2 0 |a metódy štatistické 
610 2 0 |a štatistika 
100 1 |a Viktorínová, Božena